000 01231cam a2200289 i 4500
003 SA-RiAUC
005 20251004143159.0
008 251001s1999 le g 00000 ara c
040 _aSA-RiAUC
_bara
_cSA-RiAUC
_erda
082 0 4 _a252.1
090 _a252.1
_bا ب ن د
100 1 _aابن دهيش، عبد الله بن عمر بن عبد الله،
_d1320-1406 هجري
_eمؤلف.
245 1 0 _aكتاب الطهارة والصلاة /
_cعبد الله بن عمر بن دهيش.
246 3 0 _aالطهارة والصلاة
250 _aالطبعة الأولى.
264 1 _aبيروت :
_aمكة المكرمة :
_bدار خضر للطباعة :
_bمكتبة ومطبعة النهضة الحديثة،
_c1999.
300 _a251 صفحة ؛
_c24 سم.
336 _aنص
_btxt
_2rdacontent
_3كتاب
337 _aبدون وسيط
_bn
_2rdamedia
338 _aمجلد
_bnc
_2rdacarrier
440 0 _aسلسلة مؤلفات عبد الله بن عمر بن دهيش
_v6
650 7 _aالطهارة (فقه إسلامي)
_2aucsh
650 7 _aالصلاة (إسلام)
_2aucsh
650 7 _aالعبادات (فقه إسلامي)
_2aucsh
942 _2ddc
_cBOOK
_n0
949 _aSA-JeALM
_d251001
_umohamedma123
_n1
999 _c12348
_d12348